Formule 1 - Origines des pilotes de 2022 - Statistiques

Statistiques générales
  • Ce quiz a été pris 360 fois
    334 depuis la dernière actualisation
  • Le résultat moyen est 22 sur 22
Statistiques - réponses
Réponse % Correct
Nico Hülkenberg Allemagne
100%
Mick Schumacher Allemagne
100%
Sebastien Vettel Allemagne
100%
Fernando Alonso Espagne
100%
Carlos Sainz Espagne
100%
Pierre Gasly France
100%
Esteban Ocon France
100%
Yuki Tsunoda Japon
100%
Lewis Hamilton Angleterre
99%
Lando Norris Angleterre
99%
George Russell Angleterre
99%
Zhou Guanyu Chine
99%
Sergio Pérez Mexique
99%
Charles Leclerc Monaco
99%
Max Verstappen Pays-Bas
99%
Nyck de Vries Pays-Bas
99%
Daniel Ricciardo Australie
98%
Nicholas Lafiti Canada
98%
Lance Stroll Canada
98%
Valtteri Bottas Finlande
96%
Alexander Albon Thaïlande
94%
Kevin Magnussen Danemark
90%
Aucun quiz correspondant
Distribution des résultats
% des personnes avec chaque résultat
Percentile par nombre de réponses
Votre historique - résultats
Vous n’avez pas pris ce quiz depuis la dernière actualisation